000 00869nam a2200217 i 4500
001 189868
003 ES-MaACL
005 20240514175312.0
008 191213s1966 sp |||| | spa d
100 0 _aAlvarez Fernández, Manuel.
_920807
245 1 0 _aPolítica mundial de Carlos V y Felipe II /
_cManuel Fernández Álvarez ; prólogo de Vicente Palacio Atard.
260 _aMadrid :
_bC.S. I.C. Escuela de Historia Moderna,
_c1966.
300 _aXXX, 329 p. :
_bil. ;
_c25 cm.
490 1 _aHistoria de España en el Mundo Moderno ;
_v1
651 4 _aEspaña-
_xHistoria-
_y1516-1556, Carlos I.
_98224
651 4 _aEspaña-
_xHistoria-
_y1556-1598, Felipe II.
_98218
700 1 _aPalacio Atard, Vicente,
_d1920-2013
_988374
830 0 _aHistoria de España en el mundo moderno
_v1
_9193453
852 _aES-MaACL
_jP-1192-1
999 _c189868
_d189868